000 00523nam a2200193Ia 4500
001 13985
003 GE_BSU
008 181216s||||||||xx |||||||||||||| ||und||
040 _cGE_BSU
080 _a58+59
245 4 _aTHE NATURAL WORLD.
245 _cINTRODUCED BY GWYNNE VEVERS,MBE,MA,DPHIL,FLS,FL BIOL. ASSISTANT DIRECTOR OF SCIENSE,THE ZOOLOGICAL SOCIETY OF LONDON.
260 _aLONDON.
260 _bCOLOUR LIBRARY BOOKS.
300 _a270p;29cm.
300 _bill.
653 _aTHE NATURAL WORLD.
942 _cBK
999 _c47127
_d47127